Ariana Grande songs by emojis - Statistics

General Stats
  • This quiz has been taken 494 times
  • The average score is 6 of 12
Answer Stats
Picture Answer % Correct
7 rings
90%
No tears left to cry
74%
Bad idea
57%
Don’t call me angel
54%
One last time
51%
Raindrops
48%
Make up
40%
Break up with your girlfriend, I’m bored
37%
Die for you
31%
Into you
30%
Fake smile
25%
Positions
19%
No matching quizzes found
Score Distribution
Percent of People with Each Score
Percentile by Number Answered
Your Score History
You have not taken this quiz